Normal view
MARC view
- Akram, Nauman
Entry Personal Name
001 - CONTROL NUMBER
- control field: 130494
003 - CONTROL NUMBER IDENTIFIER
- control field: NUST
005 - DATE AND TIME OF LATEST TRANSACTION
- control field: 20250919161402.0
008 - FIXED-LENGTH DATA ELEMENTS
- fixed length control field: 250919|| aca||aabn | a|a d
040 ## - CATALOGING SOURCE
- Original cataloging agency: NUST
- Transcribing agency: NUST
100 ## - HEADING--PERSONAL NAME
- Personal name: Akram, Nauman
670 ## - SOURCE DATA FOUND
- Source citation: Work cat.: (NUST): Akram, Nauman, Disguise Detection in Handwritten Signatures using Deep Learning/
